Klasické a novodobé nástroje komunikačného mixu pri priemyselnom marketingu

Klasické nástroje komunikačného mixu na priemyselnom trhu. K súčasným trendom marketingovej komunikácie patria alternatívne možnosti reklamy, sponzoring, udalosti a zážitky, interaktívny marketing, sociálne médiá, guerilla marketing, green marketing a neuromarketing.

Guardado en:
Detalles Bibliográficos
Autor principal: Lukačovičová, Zuzana
Formato: Capítulo de libro
Lenguaje:eslovaco
Materias:
Etiquetas: Agregar Etiqueta
Sin Etiquetas, Sea el primero en etiquetar este registro!

MARC

LEADER 00000nla a2200000 4500
001 0212162
005 20240502073534.3
041 0 |a slo 
044 |a SK 
245 1 0 |a Klasické a novodobé nástroje komunikačného mixu pri priemyselnom marketingu  |c Zuzana Lukačovičová 
520 |a Klasické nástroje komunikačného mixu na priemyselnom trhu. K súčasným trendom marketingovej komunikácie patria alternatívne možnosti reklamy, sponzoring, udalosti a zážitky, interaktívny marketing, sociálne médiá, guerilla marketing, green marketing a neuromarketing. 
610 2 0 |a podnik 
610 2 0 |a marketing 
610 2 0 |a komunikácia marketingová 
100 1 |a Lukačovičová, Zuzana